书目信息 |
| 题名: |
现代情报学理论
|
|
| 作者: | 严怡民 著 | |
| 分册: | ||
| 出版信息: | 武汉 武汉大学出版社 1996.10 |
|
| 页数: | 305页 | |
| 开本: | 32开 | |
| 丛书名: | ||
| 单 册: | ||
| 中图分类: | G350 | |
| 科图分类: | ||
| 主题词: | 情报学 , 情报工作 | |
| 电子资源: | ||
| ISBN: | 7-307-02173-0 | |
| 000 | 00566nam0 2200205 45 | |
| 001 | 0007210953 | |
| 005 | 20000721091501.0 | |
| 010 | @a7-307-02173-0@d13.20元 | |
| 100 | @a20000721d1996 km y0chiy0120 ea | |
| 101 | 0 | @achi |
| 105 | @a z 000yy | |
| 200 | 1 | @a现代情报学理论@AXian Dai Qing Bao Xue Li Lun@f严怡民等著@FYan Yi Min Deng Zhu |
| 210 | @a武汉@c武汉大学出版社@d1996.10 | |
| 215 | @a305页@d32开 | |
| 606 | 0 | @a情报学 |
| 606 | 0 | @a情报工作 |
| 690 | @aG350@v3 | |
| 701 | 0 | @a严怡民@4著 |
| 801 | @aCN@bPftUser@c20000721 | |
| 905 | @b72984-985@dG350@eY543@f2 | |
| 现代情报学理论/严怡民等著.-武汉:武汉大学出版社,1996.10 |
| 305页;32开 |
| ISBN 7-307-02173-0:13.20元 |
| ● |
| 相关链接 |
|
|
|
正题名:现代情报学理论
索取号:G350/Y543
 
预约/预借
| 序号 | 登录号 | 条形码 | 馆藏地/架位号 | 状态 | 备注 |
| 1 | 72984 | 200729845 | 社科库409/409社科库 120排3列5层/ [索取号:G350/Y543] | 在馆 | |
| 2 | 72985 | 200729854 | 社科库409/ [索取号:G350/Y543] | 在馆 |